ARRUPE JESUIT UNIVERSITY

CORONAVIRUS -STOP THE SPREAD - CLEAN,DISINFECT,COVER

201 Spanish verbs fully conjugated in all the tenses, alphabetically arranged. (Record no. 119817)

MARC details
000 -LEADER
fixed length control field 00773cam a22002531 4500
001 - CONTROL NUMBER
control field 7502548
003 - CONTROL NUMBER IDENTIFIER
control field ARRUPE
005 - DATE AND TIME OF LATEST TRANSACTION
control field 20140131113848.0
008 - FIXED-LENGTH DATA ELEMENTS--GENERAL INFORMATION
fixed length control field 750716s1963 nyu 000 0 eng
010 ## - LIBRARY OF CONGRESS CONTROL NUMBER
LC control number 62018769
035 ## - SYSTEM CONTROL NUMBER
System control number (OCoLC)1453837
040 ## - CATALOGING SOURCE
Original cataloging agency DLC
Transcribing agency FJ
Modifying agency OCoLC
-- DLC
042 ## - AUTHENTICATION CODE
Authentication code premarc
050 00 - LIBRARY OF CONGRESS CALL NUMBER
Classification number PC4271
Item number .K4
082 ## - DEWEY DECIMAL CLASSIFICATION NUMBER
Classification number 465.8
300 ## - PHYSICAL DESCRIPTION
Dimensions 19 cm.
100 1# - MAIN ENTRY--PERSONAL NAME
Personal name Kendris, Christopher.
9 (RLIN) 7486
245 10 - TITLE STATEMENT
Title 201 Spanish verbs fully conjugated in all the tenses, alphabetically arranged.
260 ## - PUBLICATION, DISTRIBUTION, ETC. (IMPRINT)
Place of publication, distribution, etc Great Neck, N.Y.,
Name of publisher, distributor, etc Barron's Educational Series, inc.
Date of publication, distribution, etc [1963]
300 ## - PHYSICAL DESCRIPTION
Extent 207 p.
490 0# - SERIES STATEMENT
Series statement Barron's educational series
650 #0 - SUBJECT ADDED ENTRY--TOPICAL TERM
Topical term or geographic name as entry element Spanish language
General subdivision Verb.
9 (RLIN) 7487
906 ## - LOCAL DATA ELEMENT F, LDF (RLIN)
a 7
b cbc
c oclcrpl
d u
e ncip
f 19
g y-gencatlg
942 ## - ADDED ENTRY ELEMENTS (KOHA)
Source of classification or shelving scheme Library of Congress Classification
Koha item type Monograph ( Printed materials)
Holdings
Withdrawn status Lost status Source of classification or shelving scheme Damaged status Not for loan Collection code Home library Current library Shelving location Date acquired Total Checkouts Full call number Barcode Date last seen Price effective from Koha item type
    Library of Congress Classification     Main Collection ARRUPE LIBRARY ARRUPE LIBRARY Main Collection 31/01/2014   PC4271 .K4 46412066 27/03/2019 31/01/2014 Monograph ( Printed materials)

 

Arrupe Library. PO Box MP320 Mt Pleasant, Harare, Zimbabwe
263 242 745411|librarian@aju.ac.zw